Bibliographie zur deutschen Einigung Wirtschaftliche und soziale Aspekte. Berichtszeitraum: November 1989-Oktober 1990

Guardado en:
Detalles Bibliográficos
Formato: Libro
Lenguaje:alemán
inglés
Publicado: Kiel ZBW 1991
Edición:3. erw. und verb. Aufl.
Colección:Kieler Schnellbibliographien zu Aktuellen Wirtschaftsthemen Bd.2
Etiquetas: Agregar Etiqueta
Sin Etiquetas, Sea el primero en etiquetar este registro!

MARC

LEADER 00000nam a2200000 4500
001 c002988
005 20250617123229.6
020 |a 3-925357-95-5 
041 0 |a ger 
041 0 |a eng 
044 |a DE 
245 1 0 |a Bibliographie zur deutschen Einigung  |b Wirtschaftliche und soziale Aspekte. Berichtszeitraum: November 1989-Oktober 1990  |c Horst Thomsen 
250 |a 3. erw. und verb. Aufl. 
264 1 |a Kiel  |b ZBW  |c 1991 
300 |a 101 s. 
490 1 |a Kieler Schnellbibliographien zu Aktuellen Wirtschaftsthemen  |v Bd.2 
830 0 |a Kieler Schnellbibliographien zu Aktuellen Wirtschaftsthemen  |v Bd.2